| 000 | 00660nam a22002291a 4500 | ||
|---|---|---|---|
| 001 | 28825 | ||
| 003 | BD-RjUL | ||
| 005 | 20211209051332.0 | ||
| 008 | 140401s1960 nyua 000 0 eng d | ||
| 035 | _a(BD-RjUL)28909 | ||
| 040 |
_aANL _beng _cANL _dBD-RjUL |
||
| 041 | _aeng | ||
| 082 | 0 | 4 |
_a132 _bKLM 1960 |
| 100 | 1 |
_aKlein, David Ballin, _d1897- _988157 |
|
| 245 | 1 | 0 |
_aMental hygiene : _ba survey of personality disorders and mental health. |
| 260 |
_aNew York : _bH. Holt and Company, _cc1960. |
||
| 300 |
_axvii, 654 p. : _c20 cm. |
||
| 650 | 0 |
_aMental health. _988158 |
|
| 650 | 0 |
_aPersonality. _988159 |
|
| 942 |
_2ddc _cBK |
||
| 999 |
_c28825 _d28825 |
||